Derecho hipotecario / (Record no. 11189)

MARC details
000 -LEADER
campo de control de longitud fija 00914nam a2200241 i 4500
001 - NÚMERO DE CONTROL
campo de control 11189
003 - IDENTIFICADOR DE NÚMERO DE CONTROL
campo de control ES-MaACL
005 - FECHA Y HORA DE LA ÚLTIMA TRANSACCIÓN
campo de control 20250524063043.0
007 - CAMPO FIJO DE DESCRIPCIÓN FÍSICA--INFORMACIÓN GENERAL
campo de control de longitud fija t|
008 - DATOS DE LONGITUD FIJA--INFORMACIÓN GENERAL
campo de control de longitud fija 960215m19951997sp ||||1| spa d
020 ## - NÚMERO INTERNACIONAL ESTÁNDAR DEL LIBRO
Número Internacional Estándar del Libro 84-7676-316-6
080 ## - NÚMERO DE LA CLASIFICACIÓN DECIMAL UNIVERSAL
Número de la Clasificación Decimal Universal 347.235.11(460)(075.8)
100 1# - ENTRADA PRINCIPAL--NOMBRE DE PERSONA
Nombre de persona Roca Sastre, Ramón María,
Fechas asociadas al nombre 1899-1979
9 (RLIN) 98011
245 10 - MENCIÓN DEL TÍTULO
Título Derecho hipotecario /
Mención de responsabilidad, etc. Ramón Mª Roca Sastre, Luis Roca-Sastre Muncunill.
250 ## - MENCION DE EDICION
Mención de edición 8ª ed. ampl. y puesta al día.
260 ## - PUBLICACIÓN, DISTRIBUCIÓN, ETC.
Lugar de publicación, distribución, etc. Barcelona :
Nombre del editor, distribuidor, etc. Bosch,
Fecha de publicación, distribución, etc. 1995-97.
300 ## - DESCRIPCIÓN FÍSICA
Extensión 6 v. ;
Dimensiones 24 cm +
Material acompañante/anejo 1 índice (separata provisional de índices)
505 8# - NOTA DE CONTENIDO CON FORMATO
Nota de contenido con formato Contiene: V. 1, 2, 3 : Fundamentos de la publicicad registral -- V. 4 , 5, 6 : Dinámica registral
650 04 - PUNTO DE ACCESO ADICIONAL DE MATERIA--TÉRMINO DE MATERIA
Término de materia o nombre geográfico como elemento de entrada Derecho inmobiliario registral-
Subdivisión geográfica España.
9 (RLIN) 11715
700 1# - ENTRADA AGREGADA--NOMBRE PERSONAL
Nombre de persona Roca-Sastre i Muncunill, Lluís.
9 (RLIN) 98013
852 ## - LOCALIZACIÓN
Ubicación ES-MaACL
Número de control de estantería L-19848-53
Sublocalización o colección R.124809
Holdings
Estatus retirado Estado de pérdida Estado de daño No para préstamo Biblioteca de origen Biblioteca actual Ubicación en estantería Fecha de adquisición Fuente de adquisición Total de préstamos Signatura topográfica completa Código de barras Visto por última vez Precio de reemplazo Tipo de ítem Koha
        Biblioteca del Ateneo de Madrid Biblioteca del Ateneo de Madrid Depósito 2 17/01/2008     L-19848-53 1011410 23/02/2023 23/02/2023 Libro impreso